Admirality Manual of Seamanship/ (Record no. 12051)

MARC details
000 -LEADER
fixed length control field 00822nam a22001817a 4500
008 - FIXED-LENGTH DATA ELEMENTS--GENERAL INFORMATION
fixed length control field 090625t xxu||||| |||| 00| 0 eng d
020 ## - INTERNATIONAL STANDARD BOOK NUMBER
International Standard Book Number 0117724629
082 ## - DEWEY DECIMAL CLASSIFICATION NUMBER
Edition number 22
Classification number 623.880941
Item number SEA
245 ## - TITLE STATEMENT
Title Admirality Manual of Seamanship/
Statement of responsibility, etc MinIstry of Deffence (NAVY)
260 ## - PUBLICATION, DISTRIBUTION, ETC. (IMPRINT)
Place of publication, distribution, etc London:
Name of publisher, distributor, etc HMSO
Date of publication, distribution, etc 1995
300 ## - PHYSICAL DESCRIPTION
Extent 1 v. (various pagings) :
Other physical details ill. ;
Dimensions 31cm.
490 ## - Series Statement
Series statement BR ;
Volume/sequential designation 67
500 ## - GENERAL NOTE
General note Supersedes: BR 67 Admiralty manual of seamanship, vol.1 (1979), vol. 2 (1981), vol. 3 (1983), vol. 4 (1983) _ BR 68 Rigid inflatable boats user instructions, 1984.
650 ## - SUBJECT ADDED ENTRY--TOPICAL TERM
9 (RLIN) 7006
Topical term or geographic name as entry element Seamanship.
651 ## - SUBJECT ADDED ENTRY--GEOGRAPHIC NAME
9 (RLIN) 7007
Geographic name Great Britain
942 ## - ADDED ENTRY ELEMENTS (KOHA)
Source of classification or shelving scheme Dewey Decimal Classification
Item type Book - Borrowing
Holdings
Withdrawn status Item status Source of classification or shelving scheme Damaged status Not for loan Vendor Home library Current library Shelving location Date acquired Source of acquisition Cost, normal purchase price Total Checkouts Total Renewals Full call number Barcode Date last seen Date last borrowed Koha item type
    Dewey Decimal Classification     Alef-Baa Central Library Central Library First floor 25/06/2009   150.00 2 2 623.880941 SEA 000017062 15/07/2025 23/10/2012 Book - Borrowing